Culture Générale - Série 301 - Statistiques

Statistiques générales
  • Ce quiz a été pris 329 fois
  • Le résultat moyen est 5 sur 10
Statistiques - réponses
Question Réponse % Correct
Dans quel océan les îles Galapagos sont-elles situées ? L'océan Pacifique
96%
En algèbre, quelle lettre sert à désigner l'inconnue d'une équation ? X
91%
Quel est le prix d'un ordinateur de 1 200 euros soldé à moins 25% ? 900 euros
65%
Quelle locution italienne désigne un chant sans accompagnement musical ? A cappella
61%
En informatique, quel terme français correspond au mot "software" ? Logiciel
52%
Dans quel Etat des USA se trouvent les villes de Columbus et de Cincinnati ? L'Ohio
34%
Complétez la locution latine commençant par "Vox populi"... Vox dei
24%
Quel classique du cinéma commence par la mort du héros à Xanadu ? Citizen Kane
13%
Quel est le prénom du chanteur Miossec ? Christophe
11%
Qui a dit : Dieu n'existe pas, essayez de trouver un plombier le dimanche ? Woody Allen
9%
Aucun quiz correspondant
Distribution des résultats
% des personnes avec chaque résultat
Percentile par nombre de réponses
Votre historique - résultats
Vous n’avez pas pris ce quiz